Estudiorealizado en la sala de formulas del Hospital Nacional de Ninos

Gardado en:
Detalles Bibliográficos
Autor Principal: Lang, Fernando
Formato: Tesis Libro
Idioma:Undetermined
Publicado: 1973
Materias:
Etiquetas: Engadir etiqueta
Sen Etiquetas, Sexa o primeiro en etiquetar este rexistro!

MARC

LEADER 00000nam a2200000Ia 4500
001 2069
008 140114s9999 xx 000 0 und d
100 |a Lang, Fernando 
245 |a Estudiorealizado en la sala de formulas del Hospital Nacional de Ninos 
260 |c 1973 
500 |a NULL 
502 |a Escuela de ingenieria Industrial 
650 |z SALA DE FORMULAS 
999 |c 11461  |d 11461